<?xml version="1.0" encoding="UTF-8"?><?xml-stylesheet type="text/xsl" href="static/style.xsl"?><OAI-PMH xmlns="http://www.openarchives.org/OAI/2.0/" xmlns:xsi="http://www.w3.org/2001/XMLSchema-instance" xsi:schemaLocation="http://www.openarchives.org/OAI/2.0/ http://www.openarchives.org/OAI/2.0/OAI-PMH.xsd"><responseDate>2026-06-01T14:48:09Z</responseDate><request verb="GetRecord" identifier="oai:riuma.uma.es:10630/45442" metadataPrefix="marc">https://riuma.uma.es/rest/oai/request</request><GetRecord><record><header><identifier>oai:riuma.uma.es:10630/45442</identifier><datestamp>2026-02-14T00:47:00Z</datestamp><setSpec>com_10630_2254</setSpec><setSpec>col_10630_37959</setSpec></header><metadata><record xmlns="http://www.loc.gov/MARC21/slim" xmlns:dcterms="http://purl.org/dc/terms/" xmlns:doc="http://www.lyncode.com/xoai" xmlns:xsi="http://www.w3.org/2001/XMLSchema-instance" xsi:schemaLocation="http://www.loc.gov/MARC21/slim http://www.loc.gov/standards/marcxml/schema/MARC21slim.xsd">
   <leader>00925njm 22002777a 4500</leader>
   <datafield ind2=" " ind1=" " tag="042">
      <subfield code="a">dc</subfield>
   </datafield>
   <datafield ind2=" " ind1=" " tag="720">
      <subfield code="a">Gaitán, Sabina D.</subfield>
      <subfield code="e">author</subfield>
   </datafield>
   <datafield ind2=" " ind1=" " tag="720">
      <subfield code="a">García-Durán, Laura</subfield>
      <subfield code="e">author</subfield>
   </datafield>
   <datafield ind2=" " ind1=" " tag="720">
      <subfield code="a">Romero Códez, Sonia</subfield>
      <subfield code="e">author</subfield>
   </datafield>
   <datafield ind2=" " ind1=" " tag="720">
      <subfield code="a">Fernández-Baena, Francisco Javier</subfield>
      <subfield code="e">author</subfield>
   </datafield>
   <datafield ind2=" " ind1=" " tag="720">
      <subfield code="a">Salas-Martínez, María Dolores</subfield>
      <subfield code="e">author</subfield>
   </datafield>
   <datafield ind2=" " ind1=" " tag="260">
      <subfield code="c">2025-09-11</subfield>
   </datafield>
   <datafield ind2=" " ind1=" " tag="520">
      <subfield code="a">Adverse Childhood Experiences (ACEs) is one of the most significant environmental factors influencing the development of cognitive, social and mental health problems throughout life. The Dimensional Model of Adversity and Psychopathology (DMAP) aims to specify the mechanisms by which early adversity affects development. This model differentiates between two dimensions of adversity: threat, characterised by exposure to atypical situations that pose a perceived risk (such as physical abuse); and deprivation, which is the absence of expected experiences that facilitate a healthy child's development (such as neglect). This study describes the application of the DMAP in a project developed by the University of Malaga with young people in residential care. Children and adolescents aged between 9 and 16 years old living in 22 residential homes in Malaga province were assessed. An extensive evaluation of the files of each young person was carried out and, based on the indicators included in the classification system of maltreatment of the Government of Andalusia (SIMIA), an exhaustive codification was made. Each type of adversity, the developmental stage and the chronicity of the exposure was recorded. Among the most relevant and descriptive results, it was found that over 70% of the young people had suffered more than one ACE before entering the protection system and that 98% of them had suffered neglect in their first reported adversity. In addition, it was also found that those children and adolescents who had suffered early ACEs (before age 3) showed greater problems in emotional regulation. The results also show that longer time in the residential home is related to less internalizing and attentional problems. Finally, the theoretical and methodological contributions of this model to understanding the effects of ACEs on human development will be discussed.</subfield>
   </datafield>
   <datafield ind1="8" ind2=" " tag="024">
      <subfield code="a">https://hdl.handle.net/10630/45442</subfield>
   </datafield>
   <datafield tag="653" ind2=" " ind1=" ">
      <subfield code="a">Cuidadores - Congresos</subfield>
   </datafield>
   <datafield tag="653" ind2=" " ind1=" ">
      <subfield code="a">Niños - Protección, asistencia, etc. - Congresos</subfield>
   </datafield>
   <datafield ind2="0" ind1="0" tag="245">
      <subfield code="a">Applying the Dimensional Model of Adversity and Psychopathology to the study of ACEs in children and adolescent in residential care</subfield>
   </datafield>
</record>
</metadata></record></GetRecord></OAI-PMH>